[Event "Wch Seniors 50 29th"]
[Site "Bucharest"]
[Date "2019.11.14"]
[Round "3"]
[White "Breahna, Radu"]
[Black "Craciun, Ovidiu"]
[Result "1/2-1/2"]
[WhiteElo "2193"]
[BlackElo "1953"]
[PlyCount "25"]
[EventDate "2019.11.12"]
[EventType "swiss"]
[EventRounds "11"]
[EventCountry "ROU"]
[SourceTitle "CBM 193 Extra"]
[Source "ChessBase"]
[SourceDate "2020.01.31"]
[SourceVersion "1"]
[SourceVersionDate "2020.01.31"]
[SourceQuality "1"]

1. c4 Nf6 2. g3 g6 3. Bg2 Bg7 4. Nc3 d6 5. e3 e5 6. Nge2 c6 7. d4 0-0 8. h3 Na6 9. a3 Nc7 10. b4 exd4 11. Nxd4 c5 12. Nb3 Be6 13. bxc5 1/2-1/2

[Event "Agneaux St Lo IM 15th"]
[Site "Agneaux"]
[Date "2013.07.12"]
[Round "7"]
[White "Laurent, Julien G"]
[Black "Breahna, Radu"]
[Result "1/2-1/2"]
[WhiteElo "2287"]
[BlackElo "2266"]
[PlyCount "84"]
[EventDate "2013.07.07"]
[EventType "tourn"]
[EventRounds "9"]
[EventCountry "FRA"]
[EventCategory "2"]
[SourceTitle "CBM 155 Extra"]
[Source "ChessBase"]
[SourceDate "2013.08.26"]
[SourceVersion "1"]
[SourceVersionDate "2013.08.26"]
[SourceQuality "1"]

1. Nf3 Nf6 2. c4 c5 3. g3 b6 4. Bg2 Bb7 5. 0-0 e6 6. Nc3 Be7 7. Re1 a6 8. e4 d6 9. d4 cxd4 10. Nxd4 Qc7 11. Be3 0-0 12. Rc1 Re8 13. f4 Bf8 14. Bf2 g6 15. g4 Nbd7 16. Bf3 e5 17. Nd5 Qd8 18. Ne2 Bxd5 19. cxd5 exf4 20. Nxf4 Bh6 21. Bg3 Ne5 22. h3 Nfd7 23. Bg2 Nc5 24. Rc3 a5 25. Ne2 b5 26. Nd4 b4 27. Rc2 Ncd3 28. Nc6 Qb6+ 29. Kh2 Nxe1 30. Qxe1 Bg7 31. Qe2 b3 32. axb3 Qxb3 33. Nd4 Nxg4+ 34. hxg4 Bxd4 35. Bxd6 Be5+ 36. Bxe5 Rxe5 37. Rc7 Qb6 38. Qc4 Qf6 39. Kg1 Rd8 40. Qc3 Qb6+ 41. Kh2 Qf6 42. Kg1 Qf4 1/2-1/2

[Event "Agneaux St Lo op 14th"]
[Site "Agneaux"]
[Date "2012.07.09"]
[Round "3"]
[White "Breahna, Radu"]
[Black "Marie, Olivier"]
[Result "1-0"]
[WhiteElo "2275"]
[BlackElo "1505"]
[PlyCount "57"]
[EventDate "2012.07.07"]
[EventType "swiss"]
[EventRounds "9"]
[EventCountry "FRA"]
[SourceTitle "EXT 2013"]
[Source "ChessBase"]
[SourceDate "2012.11.22"]
[SourceVersion "1"]
[SourceVersionDate "2012.11.22"]
[SourceQuality "1"]

1. d4 Nf6 2. c4 e6 3. Nc3 Bb4 4. Qc2 Nc6 5. Nf3 d6 6. a3 Bxc3+ 7. Qxc3 a5 8. b3 Qe7 9. Bb2 0-0 10. g3 Re8 11. Bg2 e5 12. dxe5 dxe5 13. 0-0 Ne4 14. Qe3 f5 15. Rad1 Bd7 16. Nxe5 Nxe5 17. Bxe5 Bc6 18. Bb2 Rad8 19. Qf4 g6 20. Rd3 Nc5 21. Re3 Qd7 22. Bxc6 Qxc6 23. Rxe8+ Rxe8 24. Qd4 Re7 25. Qh8+ Kf7 26. Qxh7+ Kf8 27. Qh8+ Kf7 28. Qg7+ Ke8 29. Qg8+ 1-0

[Event "Agneaux St Lo op"]
[Site "Agneaux"]
[Date "2010.07.08"]
[Round "2"]
[White "Veron, Cyprien"]
[Black "Breahna, Radu"]
[Result "1/2-1/2"]
[WhiteElo "2073"]
[BlackElo "2286"]
[PlyCount "38"]
[EventDate "2010.07.07"]
[EventType "swiss"]
[EventRounds "9"]
[EventCountry "FRA"]
[SourceTitle "CBM 137 Extra"]
[Source "ChessBase"]
[SourceDate "2010.09.01"]
[SourceVersion "1"]
[SourceVersionDate "2010.09.01"]
[SourceQuality "1"]

1. Nf3 c5 2. c4 Nf6 3. d4 cxd4 4. Nxd4 b6 5. f3 Bb7 6. e4 d6 7. Be2 e6 8. 0-0 Be7 9. Be3 0-0 10. Nc3 a6 11. Qd2 Nbd7 12. Rac1 Rc8 13. Rfd1 Qc7 14. b3 Qb8 15. Nc2 Rfe8 16. Bf1 Bd8 17. Nb4 Bc7 18. g4 Ne5 19. Bg2 Nfd7 1/2-1/2

[Event "Eforie Nord op 2nd"]
[Site "Eforie Nord"]
[Date "2010.06.20"]
[Round "4"]
[White "Stegariu, Vlad Ionut"]
[Black "Breahna, Radu"]
[Result "1/2-1/2"]
[WhiteElo "2089"]
[BlackElo "2286"]
[PlyCount "26"]
[EventDate "2010.06.18"]
[EventType "swiss"]
[EventRounds "11"]
[EventCountry "ROU"]
[SourceTitle "CBM 137 Extra"]
[Source "ChessBase"]
[SourceDate "2010.09.01"]
[SourceVersion "1"]
[SourceVersionDate "2010.09.01"]
[SourceQuality "1"]

1. d4 d5 2. c4 e6 3. Nc3 Nf6 4. Bg5 Be7 5. Nf3 h6 6. Bh4 0-0 7. e3 b6 8. cxd5 Nxd5 9. Bxe7 Qxe7 10. Nxd5 exd5 11. Rc1 Be6 12. Bd3 c5 13. 0-0 Nd7 1/2-1/2

[Event "ROM-ch"]
[Site "Baile Olanesti"]
[Date "2010.02.05"]
[Round "7"]
[White "Breahna, Radu"]
[Black "Spirea, Mihai"]
[Result "1-0"]
[WhiteElo "2288"]
[BlackElo "1982"]
[PlyCount "71"]
[EventDate "2010.01.31"]
[EventType "swiss"]
[EventRounds "9"]
[EventCountry "ROU"]
[SourceTitle "CBM 134 Extra"]
[Source "ChessBase"]
[SourceDate "2010.03.03"]
[SourceVersion "1"]
[SourceVersionDate "2010.03.03"]
[SourceQuality "1"]

1. d4 d5 2. c4 c6 3. Nf3 Nf6 4. e3 Bf5 5. Nc3 e6 6. Nh4 Bg6 7. Nxg6 hxg6 8. Bd2 Nbd7 9. Qf3 Nb6 10. b3 Ba3 11. Rb1 a5 12. Qe2 0-0 13. g3 Re8 14. f4 Bb4 15. Bg2 c5 16. Nb5 cxd4 17. exd4 Bxd2+ 18. Qxd2 Qd7 19. Qd3 dxc4 20. bxc4 e5 21. 0-0 e4 22. Qe2 Rac8 23. c5 Nbd5 24. Rfc1 Re7 25. Nd6 Rc7 26. Nc4 Nb4 27. Rd1 Qa4 28. a3 Nbd5 29. Rbc1 Nd7 30. Qd2 b6 31. Ne3 Nxe3 32. Qxe3 f5 33. Bf1 bxc5 34. dxc5 Qc6 35. Bb5 Qd5 36. Bc4 1-0

[Event "ROM-ch"]
[Site "Baile Olanesti"]
[Date "2010.02.01"]
[Round "2"]
[White "Breahna, Radu"]
[Black "Siclovan, Cristian Daniel"]
[Result "1-0"]
[WhiteElo "2288"]
[BlackElo "2024"]
[PlyCount "91"]
[EventDate "2010.01.31"]
[EventType "swiss"]
[EventRounds "9"]
[EventCountry "ROU"]
[SourceTitle "CBM 134 Extra"]
[Source "ChessBase"]
[SourceDate "2010.03.03"]
[SourceVersion "1"]
[SourceVersionDate "2010.03.03"]
[SourceQuality "1"]

1. d4 Nf6 2. Nf3 e6 3. c4 Bb4+ 4. Bd2 Be7 5. Nc3 d5 6. cxd5 exd5 7. Bg5 0-0 8. e3 Be6 9. Bd3 Nbd7 10. 0-0 Ne8 11. Bxe7 Qxe7 12. Qc2 g6 13. b4 Nb6 14. b5 Ng7 15. a4 Qd6 16. a5 Nd7 17. Rfc1 Rac8 18. Qb3 Rfd8 19. h3 f6 20. Na4 Bf7 21. Rc3 Ne6 22. Rac1 Nb8 23. b6 Nc6 24. bxa7 Nxa5 25. Qb5 Nc6 26. Qxb7 Nxa7 27. Nc5 Rb8 28. Qxa7 Ra8 29. Qb7 Rdb8 30. Ne4 Rxb7 31. Nxd6 cxd6 32. Rc8+ Rxc8 33. Rxc8+ Kg7 34. Rc6 Rd7 35. Ba6 Kf8 36. Ne1 Ke7 37. Nd3 Nd8 38. Rc8 Ra7 39. Nb4 Kd7 40. Rxd8+ Kxd8 41. Nc6+ Kc7 42. Nxa7 Kb6 43. Nc8+ Kxa6 44. Nxd6 Bg8 45. Ne8 f5 46. Nf6 1-0

[Event "ROM-ch"]
[Site "Eforie Nord"]
[Date "2009.02.08"]
[Round "9"]
[White "Breahna, Radu"]
[Black "Baciu, Stefan"]
[Result "1/2-1/2"]
[WhiteElo "2302"]
[BlackElo "2186"]
[PlyCount "81"]
[EventDate "2009.01.31"]
[EventType "swiss"]
[EventRounds "9"]
[EventCountry "ROU"]
[SourceTitle "CBM 130 Extra"]
[Source "ChessBase"]
[SourceDate "2009.07.02"]
[SourceVersion "2"]
[SourceVersionDate "2009.07.15"]
[SourceQuality "1"]

1. d4 d5 2. Nf3 e6 3. Bf4 f5 4. e3 Nf6 5. c4 Be7 6. Nc3 c6 7. Ne5 0-0 8. Bd3 Ne4 9. Bxe4 fxe4 10. 0-0 Bg5 11. Bxg5 Qxg5 12. f4 Qe7 13. a3 Nd7 14. b4 Nxe5 15. fxe5 Bd7 16. c5 Rxf1+ 17. Qxf1 Rf8 18. Qe2 Qg5 19. Rf1 Rxf1+ 20. Kxf1 Be8 21. Qf2 h6 22. a4 Qd8 23. Qd2 Qh4 24. Kg1 Qd8 25. Ne2 Qc7 26. Nf4 Qe7 27. Qe2 Qd7 28. Qg4 Bf7 29. Qg3 Kh7 30. Qe1 Kg8 31. Qd2 Be8 32. h3 Qe7 33. Qb2 Qd7 34. Ne2 Qe7 35. Nc3 Qh4 36. Qf2 Qe7 37. Qd2 Qd8 38. Kh2 Qe7 39. Qc1 Qh4 40. Qd2 Qe7 41. Qb2 1/2-1/2